000 00477nam a22001457a 4500
020 _qHard Cover.
040 _cSINES-NUST.
082 _2570.2
_aSAR
100 _aMian Talha Sarfraz.
_9104091
245 _aMachine Learning Models for the Prediction of Ejection Fraction of left Ventricle in Coronary Heart Disease /
_cSarfraz, Mian Talha
260 _aIslamabad:
_bSINES-NUST,
_c2022.
300 _a95 p. :
_bill .;
_c35cm.
650 _xMS-Bioinformatics.
942 _2ddc
_cTHE
999 _c592588
_d592588